[Event "Maisonneuve mem op"]
[Site "Gatineau CAN"]
[Date "2009.10.13"]
[Round "1"]
[White "Berthiaume, Serge"]
[Black "Desjardins, Michel"]
[Result "0-1"]
[WhiteElo "1326"]
[BlackElo "1900"]
[PlyCount "74"]
[GameId "2160767910096363"]
[EventDate "2009.10.13"]
[EventType "swiss"]
[EventRounds "5"]
[EventCountry "CAN"]
[SourceTitle "EXT 2011"]
[Source "ChessBase"]
[SourceDate "2011.11.26"]
[SourceVersion "1"]
[SourceVersionDate "2011.11.26"]
[SourceQuality "1"]

1. d4 d5 2. Nf3 c6 3. Bf4 Qb6 4. Qc1 Bf5 5. e3 Nf6 6. Nbd2 Nh5 7. Bg3 Nxg3 8. hxg3 h6 9. Bd3 Bxd3 10. cxd3 Nd7 11. Ne5 Nxe5 12. dxe5 e6 13. a3 Be7 14. Rb1 c5 15. O-O O-O 16. Nf3 Rac8 17. Qd2 c4 18. Rfc1 cxd3 19. Qxd3 Rxc1+ 20. Rxc1 Qxb2 21. Rb1 Qxa3 22. Qxa3 Bxa3 23. Rxb7 Bc5 24. Rc7 Bb6 25. Rc6 Rb8 26. Kf1 a5 27. Ne1 d4 28. e4 a4 29. Ke2 a3 30. Kd3 a2 31. Nc2 Kf8 32. f4 Ke7 33. Rd6 Bc5 34. Ra6 Rb3+ 35. Kc4 Rc3+ 36. Kb5 Rxc2 37. Ra7+ Bxa7 0-1

[Event "Maisonneuve mem op"]
[Site "Gatineau CAN"]
[Date "2009.10.13"]
[Round "1"]
[White "Brine, Derek"]
[Black "Beriault, Silvain"]
[Result "1/2-1/2"]
[WhiteElo "1090"]
[BlackElo "1703"]
[PlyCount "93"]
[GameId "2160767910096364"]
[EventDate "2009.10.13"]
[EventType "swiss"]
[EventRounds "5"]
[EventCountry "CAN"]
[SourceTitle "EXT 2011"]
[Source "ChessBase"]
[SourceDate "2011.11.26"]
[SourceVersion "1"]
[SourceVersionDate "2011.11.26"]
[SourceQuality "1"]

1. e4 d6 2. Nf3 Nf6 3. Nc3 g6 4. d4 Bg7 5. Be3 O-O 6. Bc4 c6 7. a3 Nbd7 8. Qd2 e5 9. dxe5 Nxe5 10. Nxe5 dxe5 11. O-O-O Qe7 12. Bg5 Qc5 13. Ba2 a5 14. f4 exf4 15. Bxf4 Re8 16. Rde1 b5 17. e5 Nh5 18. Ne4 Qe7 19. Nd6 Be6 20. Nxe8 Rxe8 21. Bg5 Qc7 22. Bxe6 Rxe6 23. Qd8+ Qxd8 24. Bxd8 a4 25. Bc7 Nf4 26. g3 Nd5 27. Bb8 Nb6 28. Rd1 Bxe5 29. Bxe5 Rxe5 30. Rhe1 Rh5 31. Re2 Nd5 32. Rde1 Kg7 33. h4 Rf5 34. Re5 Rf3 35. g4 Rh3 36. h5 Nf6 37. hxg6 Nxg4 38. Rg5 h5 39. gxf7+ Kxf7 40. Rf1+ Ke6 41. Rg6+ Kd5 42. Rd1+ Kc5 43. Rdd6 Rh1+ 44. Rd1 Rh2 45. Rd2 Rh1+ 46. Rd1 Rh2 47. Rd2 1/2-1/2

[Event "Maisonneuve mem op"]
[Site "Gatineau CAN"]
[Date "2009.10.13"]
[Round "1"]
[White "Brousseau, Yvan"]
[Black "Richard, Georges"]
[Result "1-0"]
[WhiteElo "2022"]
[BlackElo "1773"]
[PlyCount "81"]
[GameId "2160767910096365"]
[EventDate "2009.10.13"]
[EventType "swiss"]
[EventRounds "5"]
[EventCountry "CAN"]
[SourceTitle "EXT 2011"]
[Source "ChessBase"]
[SourceDate "2011.11.26"]
[SourceVersion "1"]
[SourceVersionDate "2011.11.26"]
[SourceQuality "1"]

1. b3 e5 2. Bb2 d6 3. d4 exd4 4. Qxd4 Nf6 5. e4 Nc6 6. Bb5 Be7 7. Nc3 a6 8. Bxc6+ bxc6 9. O-O-O Nh5 10. e5 d5 11. Nge2 g6 12. h3 Be6 13. g4 Ng7 14. Na4 Rb8 15. Qc3 Qd7 16. Nd4 Bb4 17. Qxc6 O-O 18. Nc3 Qd8 19. Nxe6 fxe6 20. Ne4 Rb6 21. Qa4 Be7 22. Nf6+ Bxf6 23. exf6 Rxf6 24. Bxf6 Qxf6 25. Qd4 Qe7 26. Rhe1 a5 27. Qa4 Qh4 28. Qxa5 Qxh3 29. Qa8+ Kf7 30. Qc8 Qc3 31. Re3 Qa1+ 32. Kd2 Qd4+ 33. Ke1 Qb4+ 34. c3 Qf4 35. Rd4 Qd6 36. Rf3+ Nf5 37. gxf5 gxf5 38. Qh8 Qa3 39. Qxh7+ Ke8 40. Qxc7 Ra6 41. Rh3 1-0

[Event "Maisonneuve mem op"]
[Site "Gatineau CAN"]
[Date "2009.10.13"]
[Round "1"]
[White "Danilov, Alex"]
[Black "Rainey, Ivan"]
[Result "1-0"]
[WhiteElo "1868"]
[BlackElo "1413"]
[PlyCount "53"]
[GameId "2160767910096366"]
[EventDate "2009.10.13"]
[EventType "swiss"]
[EventRounds "5"]
[EventCountry "CAN"]
[SourceTitle "EXT 2011"]
[Source "ChessBase"]
[SourceDate "2011.11.26"]
[SourceVersion "1"]
[SourceVersionDate "2011.11.26"]
[SourceQuality "1"]

1. e4 e6 2. d3 d5 3. Nd2 c5 4. g3 Nf6 5. Bg2 Nc6 6. Ngf3 Be7 7. O-O O-O 8. Re1 Qc7 9. c3 b6 10. e5 Nd7 11. d4 cxd4 12. cxd4 Ba6 13. Bf1 Bxf1 14. Nxf1 Rfe8 15. Be3 f6 16. Rc1 Qb7 17. exf6 Bxf6 18. Bg5 h6 19. h4 Nxd4 20. Nxd4 hxg5 21. hxg5 Bxg5 22. Rc6 Nf8 23. Qc2 e5 24. Rc7 Qa6 25. Qb3 Qa5 26. Qf3 Qxe1 27. Qf7+ 1-0

[Event "Maisonneuve mem op"]
[Site "Gatineau CAN"]
[Date "2009.10.13"]
[Round "1"]
[White "Groleau, Gilles"]
[Black "Beland, Guy"]
[Result "1-0"]
[WhiteElo "1864"]
[BlackElo "1399"]
[PlyCount "46"]
[GameId "2160767910096367"]
[EventDate "2009.10.13"]
[EventType "swiss"]
[EventRounds "5"]
[EventCountry "CAN"]
[SourceTitle "EXT 2011"]
[Source "ChessBase"]
[SourceDate "2011.11.26"]
[SourceVersion "1"]
[SourceVersionDate "2011.11.26"]
[SourceQuality "1"]

1. e4 e5 2. Nf3 Nc6 3. Bb5 Nf6 4. Nc3 d6 5. d4 Bd7 6. O-O a6 7. Bxc6 bxc6 8. dxe5 Ng4 9. exd6 cxd6 10. h3 Ne5 11. Bf4 Nxf3+ 12. Qxf3 Be7 13. Rad1 Qc7 14. Qg3 O-O-O 15. Bxd6 Bxd6 16. Rxd6 h5 17. Rfd1 g5 18. Qd3 Qb7 19. b3 g4 20. h4 Rhe8 21. Na4 Re6 22. Rxe6 fxe6 23. Nc5 Qb5 1-0

[Event "Maisonneuve mem op"]
[Site "Gatineau CAN"]
[Date "2009.10.13"]
[Round "1"]
[White "Jiang, Qizhe"]
[Black "Rose, Richard1"]
[Result "0-1"]
[WhiteElo "1146"]
[BlackElo "1775"]
[PlyCount "44"]
[GameId "2160767910096368"]
[EventDate "2009.10.13"]
[EventType "swiss"]
[EventRounds "5"]
[EventCountry "CAN"]
[SourceTitle "EXT 2011"]
[Source "ChessBase"]
[SourceDate "2011.11.26"]
[SourceVersion "1"]
[SourceVersionDate "2011.11.26"]
[SourceQuality "1"]

1. e4 c5 2. Nf3 Nc6 3. d4 cxd4 4. Nxd4 d6 5. Nc3 g6 6. Be3 Bg7 7. Qd2 Nf6 8. f3 a6 9. Bc4 Na5 10. Bb3 Nxb3 11. Nxb3 Bd7 12. O-O-O O-O 13. h3 b5 14. f4 b4 15. Ne2 a5 16. e5 Ne8 17. exd6 Nxd6 18. Bc5 a4 19. Na1 b3 20. a3 bxc2 21. Nxc2 Bxb2+ 22. Kxb2 Nc4+ 0-1

[Event "Maisonneuve mem op"]
[Site "Gatineau CAN"]
[Date "2009.10.13"]
[Round "1"]
[White "Libersan, Mattieu"]
[Black "Levesque, Andre"]
[Result "1-0"]
[WhiteElo "1861"]
[BlackElo "1307"]
[PlyCount "37"]
[GameId "2160767910096369"]
[EventDate "2009.10.13"]
[EventType "swiss"]
[EventRounds "5"]
[EventCountry "CAN"]
[SourceTitle "EXT 2011"]
[Source "ChessBase"]
[SourceDate "2011.11.26"]
[SourceVersion "1"]
[SourceVersionDate "2011.11.26"]
[SourceQuality "1"]

1. e4 c5 2. c3 Nc6 3. d4 cxd4 4. cxd4 d6 5. Nf3 e6 6. Nc3 Be7 7. Bd3 Nf6 8. O-O O-O 9. e5 dxe5 10. dxe5 Nd7 11. Re1 a6 12. Bb1 h6 13. Qc2 g6 14. Bxh6 Re8 15. Qe4 Kh7 16. Qf4 f5 17. exf6 Nxf6 18. Bxg6+ Kxg6 19. Qg5+ 1-0

[Event "Maisonneuve mem op"]
[Site "Gatineau CAN"]
[Date "2009.10.13"]
[Round "1"]
[White "Menard, Marc"]
[Black "Arsenault, Michel"]
[Result "0-1"]
[WhiteElo "1495"]
[BlackElo "1923"]
[PlyCount "68"]
[GameId "2160767910096371"]
[EventDate "2009.10.13"]
[EventType "swiss"]
[EventRounds "5"]
[EventCountry "CAN"]
[SourceTitle "EXT 2011"]
[Source "ChessBase"]
[SourceDate "2011.11.26"]
[SourceVersion "1"]
[SourceVersionDate "2011.11.26"]
[SourceQuality "1"]

1. e4 c5 2. Nf3 e6 3. d4 cxd4 4. Nxd4 Nf6 5. Nc3 d6 6. Bb5+ Bd7 7. Bxd7+ Qxd7 8. O-O Nc6 9. Bg5 Rc8 10. Bxf6 gxf6 11. Nxc6 bxc6 12. Qg4 Rb8 13. b3 d5 14. exd5 cxd5 15. a3 Rc8 16. Qg3 Qc7 17. Nb5 Qxg3 18. hxg3 Bc5 19. b4 a6 20. bxc5 axb5 21. Rab1 Rxc5 22. a4 Kd7 23. axb5 Rb8 24. Rb2 Rcxb5 25. Rxb5 Rxb5 26. Ra1 Rb2 27. Ra7+ Ke8 28. Ra8+ Ke7 29. Ra7+ Kf8 30. Rc7 Rb1+ 31. Kh2 Rc1 32. g4 d4 33. Rc8+ Kg7 34. Rd8 e5 0-1

[Event "Maisonneuve mem op"]
[Site "Gatineau CAN"]
[Date "2009.10.13"]
[Round "1"]
[White "Scantland, Patrick"]
[Black "Dagenais, Benoit"]
[Result "1-0"]
[WhiteElo "1751"]
[BlackElo "1141"]
[PlyCount "71"]
[GameId "2160767910096372"]
[EventDate "2009.10.13"]
[EventType "swiss"]
[EventRounds "5"]
[EventCountry "CAN"]
[SourceTitle "EXT 2011"]
[Source "ChessBase"]
[SourceDate "2011.11.26"]
[SourceVersion "1"]
[SourceVersionDate "2011.11.26"]
[SourceQuality "1"]

1. d4 Nf6 2. c4 e6 3. Nc3 c5 4. Nf3 cxd4 5. Nxd4 Nc6 6. e4 d6 7. Be3 Be7 8. Be2 O-O 9. O-O Nxd4 10. Bxd4 Ne8 11. f4 f6 12. f5 Nc7 13. b4 b6 14. Qb3 Kh8 15. Rad1 exf5 16. exf5 Bb7 17. Bf2 Qc8 18. Bg3 Rd8 19. Bf3 Rd7 20. Bxb7 Qxb7 21. Nd5 Nxd5 22. Rxd5 Rad8 23. Rfd1 a6 24. Qe3 Qc6 25. Qd4 Bf8 26. Qd3 a5 27. bxa5 bxa5 28. c5 h6 29. h3 Qa4 30. a3 Rb7 31. cxd6 Rb3 32. Qc2 Qxa3 33. Bh2 Rc3 34. Qf2 Rc1 35. Qb6 Rb8 36. Qxb8 1-0

[Event "Maisonneuve mem op"]
[Site "Gatineau CAN"]
[Date "2009.10.20"]
[Round "2"]
[White "Arsenault, Michel"]
[Black "Libersan, Mattieu"]
[Result "1-0"]
[WhiteElo "1923"]
[BlackElo "1861"]
[PlyCount "147"]
[GameId "2160767910096373"]
[EventDate "2009.10.13"]
[EventType "swiss"]
[EventRounds "5"]
[EventCountry "CAN"]
[SourceTitle "EXT 2011"]
[Source "ChessBase"]
[SourceDate "2011.11.26"]
[SourceVersion "1"]
[SourceVersionDate "2011.11.26"]
[SourceQuality "1"]

1. c4 Nf6 2. Nf3 g6 3. Nc3 Bg7 4. g3 O-O 5. Bg2 d6 6. O-O e5 7. d3 Nc6 8. Rb1 Ne8 9. b4 f5 10. Bg5 Nf6 11. Nd5 Be6 12. Ne1 Qd7 13. Bxf6 Bxf6 14. b5 Nd8 15. f4 Bg7 16. Qa4 Nf7 17. Nb4 e4 18. Qc2 Rae8 19. dxe4 fxe4 20. Bxe4 Bh3 21. Ng2 Bd4+ 22. Kh1 Nh6 23. Qd3 Qg7 24. Nc2 Bc5 25. Bf3 Ng4 26. Bxg4 Bxg4 27. e4 Kh8 28. Nge3 Be6 29. Rfe1 Qh6 30. Nd4 Bh3 31. Nb3 Rxf4 32. gxf4 Qxf4 33. Nxc5 Qf3+ 34. Kg1 dxc5 35. Rf1 Bxf1 36. Rxf1 Qxe4 37. Qxe4 Rxe4 38. Kf2 Kg7 39. Kf3 Rh4 40. Rf2 Rd4 41. Rg2 Kf6 42. Rc2 Ke5 43. Nd5 Kd6 44. Nf6 h5 45. Ne4+ Ke5 46. Nxc5 b6 47. Na6 g5 48. Nxc7 g4+ 49. Kg2 h4 50. Nd5 Ke4 51. Nb4 Ke3 52. Nc6 Rd7 53. Ne5 Rg7 54. c5 bxc5 55. Rc4 g3 56. hxg3 Rxg3+ 57. Kh2 Rg5 58. Nd7 Kd3 59. Rxh4 c4 60. Rh3+ Kc2 61. a4 c3 62. Nf6 Re5 63. Ng4 Re2+ 64. Kg1 Kd2 65. Nf2 c2 66. Nd3 Re3 67. Rxe3 Kxe3 68. Nc1 Kd2 69. Na2 Kd3 70. a5 Kc4 71. b6 axb6 72. axb6 Kb3 73. Nc1+ Kb2 74. Ne2 1-0

[Event "Maisonneuve mem op"]
[Site "Gatineau CAN"]
[Date "2009.10.20"]
[Round "2"]
[White "Beriault, Silvain"]
[Black "Berthiaume, Patrick"]
[Result "1-0"]
[WhiteElo "1703"]
[BlackElo "1176"]
[PlyCount "31"]
[GameId "2160767910096374"]
[EventDate "2009.10.13"]
[EventType "swiss"]
[EventRounds "5"]
[EventCountry "CAN"]
[SourceTitle "EXT 2011"]
[Source "ChessBase"]
[SourceDate "2011.11.26"]
[SourceVersion "1"]
[SourceVersionDate "2011.11.26"]
[SourceQuality "1"]

1. d4 e6 2. c4 d5 3. Nf3 Bb4+ 4. Bd2 Bxd2+ 5. Nbxd2 Nf6 6. e3 O-O 7. Qc2 Nc6 8. a3 a5 9. Bd3 Re8 10. O-O e5 11. cxd5 Qxd5 12. Ne4 Nd7 13. Bc4 Nb4 14. axb4 Qc6 15. Neg5 g6 16. Bxf7+ 1-0

[Event "Maisonneuve mem op"]
[Site "Gatineau CAN"]
[Date "2009.10.20"]
[Round "2"]
[White "Charland, Roger"]
[Black "Brine, Derek"]
[Result "1-0"]
[WhiteElo "1512"]
[BlackElo "1090"]
[PlyCount "57"]
[GameId "2160767910096375"]
[EventDate "2009.10.13"]
[EventType "swiss"]
[EventRounds "5"]
[EventCountry "CAN"]
[SourceTitle "EXT 2011"]
[Source "ChessBase"]
[SourceDate "2011.11.26"]
[SourceVersion "1"]
[SourceVersionDate "2011.11.26"]
[SourceQuality "1"]

1. e4 c5 2. g3 Nc6 3. Nf3 e5 4. Bg2 Nf6 5. Nc3 d5 6. exd5 Nxd5 7. Nxd5 Qxd5 8. O-O e4 9. Re1 Be7 10. Nh4 f5 11. d3 Bxh4 12. Qh5+ Qf7 13. Qxh4 O-O 14. c4 Nd4 15. Rd1 Ne2+ 16. Kf1 exd3 17. Rxd3 Nxc1 18. Rxc1 Be6 19. b3 Rae8 20. Rcd1 f4 21. Be4 Bf5 22. Rd7 Qg6 23. R1d6 Bxe4 24. Rxg6 Bxg6 25. Re7 Bd3+ 26. Kg1 fxg3 27. hxg3 Rxe7 28. Qxe7 Rf7 29. Qd8+ 1-0

[Event "Maisonneuve mem op"]
[Site "Gatineau CAN"]
[Date "2009.10.20"]
[Round "2"]
[White "Dagenais, Benoit"]
[Black "Berthiaume, Serge"]
[Result "1-0"]
[WhiteElo "1141"]
[BlackElo "1326"]
[PlyCount "125"]
[GameId "2160767910096376"]
[EventDate "2009.10.13"]
[EventType "swiss"]
[EventRounds "5"]
[EventCountry "CAN"]
[SourceTitle "EXT 2011"]
[Source "ChessBase"]
[SourceDate "2011.11.26"]
[SourceVersion "1"]
[SourceVersionDate "2011.11.26"]
[SourceQuality "1"]

1. e4 e6 2. d4 d5 3. e5 c5 4. c3 Qb6 5. Nf3 Nc6 6. Qb3 Qa5 7. Bd2 cxd4 8. cxd4 Qc7 9. Be2 Nge7 10. O-O Nf5 11. Bb5 Bd7 12. Bxc6 Bxc6 13. Rc1 Be7 14. Nc3 O-O 15. g4 Nxd4 16. Nxd4 Qxe5 17. Nxc6 bxc6 18. Qa4 Bd6 19. f4 Qf6 20. Qxc6 Qd4+ 21. Kh1 Bc5 22. Rd1 Bb6 23. h3 Qf2 24. Qb5 Qf3+ 25. Kh2 d4 26. Qe2 Qc6 27. Qe4 Qd7 28. Ne2 f5 29. gxf5 exf5 30. Qf3 Rae8 31. Ng3 Qb5 32. Qb3+ Qxb3 33. axb3 g6 34. Ba5 Rd8 35. Rd3 Rfe8 36. Bxb6 axb6 37. Rad1 Kf7 38. Rxd4 Rxd4 39. Rxd4 Ke6 40. Kg2 Rc8 41. Rd2 Rc5 42. Kf2 Rb5 43. Rd3 Rc5 44. Rd2 Rb5 45. Ne2 Rb4 46. Nd4+ Kf6 47. Ke3 g5 48. fxg5+ Kxg5 49. h4+ Kg4 50. Rf2 h6 51. h5 Kxh5 52. Rxf5+ Kg4 53. Rf8 Kg5 54. Kd3 h5 55. Kc3 Rxd4 56. Kxd4 h4 57. Ke4 Kg4 58. Rg8+ Kh3 59. Kf3 b5 60. Rh8 b4 61. Rh7 Kh2 62. Rxh4+ Kg1 63. Rh3 1-0

[Event "Maisonneuve mem op"]
[Site "Gatineau CAN"]
[Date "2009.10.20"]
[Round "2"]
[White "Desjardins, Michel"]
[Black "Brousseau, Yvan"]
[Result "1-0"]
[WhiteElo "1900"]
[BlackElo "2022"]
[PlyCount "61"]
[GameId "2160767910096377"]
[EventDate "2009.10.13"]
[EventType "swiss"]
[EventRounds "5"]
[EventCountry "CAN"]
[SourceTitle "EXT 2011"]
[Source "ChessBase"]
[SourceDate "2011.11.26"]
[SourceVersion "1"]
[SourceVersionDate "2011.11.26"]
[SourceQuality "1"]

1. e4 b6 2. d4 Bb7 3. Bd3 e6 4. Nc3 Bb4 5. Nge2 Nf6 6. a3 Bxc3+ 7. Nxc3 d6 8. O-O Nbd7 9. Qe2 e5 10. d5 O-O 11. Be3 Qe7 12. a4 a5 13. Bb5 Nc5 14. Bxc5 dxc5 15. Rad1 Rad8 16. Rd3 Ne8 17. f4 Nd6 18. f5 f6 19. Qh5 Qf7 20. Qh4 Bc8 21. Rh3 h6 22. Rg3 Kh7 23. Be2 Qe7 24. Qh5 Bd7 25. Qh4 Be8 26. Bh5 Bxh5 27. Qxh5 Qe8 28. Rg6 Rh8 29. Rf3 Rd7 30. Rfg3 Rf7 31. Rxh6+ 1-0

[Event "Maisonneuve mem op"]
[Site "Gatineau CAN"]
[Date "2009.10.20"]
[Round "2"]
[White "Groleau, Gilles"]
[Black "Danilov, Alex"]
[Result "1-0"]
[WhiteElo "1864"]
[BlackElo "1868"]
[PlyCount "73"]
[GameId "2160767910096378"]
[EventDate "2009.10.13"]
[EventType "swiss"]
[EventRounds "5"]
[EventCountry "CAN"]
[SourceTitle "EXT 2011"]
[Source "ChessBase"]
[SourceDate "2011.11.26"]
[SourceVersion "1"]
[SourceVersionDate "2011.11.26"]
[SourceQuality "1"]

1. e4 e5 2. Nf3 d6 3. d4 exd4 4. Nxd4 Nf6 5. Nc3 Nc6 6. Bb5 Bd7 7. O-O Nxd4 8. Qxd4 Be7 9. Re1 Bxb5 10. Nxb5 Qd7 11. c4 O-O 12. e5 dxe5 13. Qxd7 Nxd7 14. Nxc7 Rac8 15. Nd5 Bd8 16. b3 Nb6 17. Rxe5 Nxd5 18. Rxd5 Bf6 19. Rb1 Rfd8 20. Rxd8+ Rxd8 21. Be3 a6 22. Kf1 h6 23. Ke2 Be5 24. Rd1 Rxd1 25. Kxd1 Bxh2 26. g3 h5 27. Ke2 h4 28. Kf3 hxg3 29. fxg3 Kh7 30. Kg2 Kg6 31. Kxh2 Kf5 32. Kg2 Ke4 33. Kf2 Kd3 34. c5 Kc2 35. Ke2 Kb2 36. Kd3 Kxa2 37. Kc4 1-0

[Event "Maisonneuve mem op"]
[Site "Gatineau CAN"]
[Date "2009.10.20"]
[Round "2"]
[White "Guimond, Michel"]
[Black "MacIsaac, Alexandre"]
[Result "1-0"]
[WhiteElo "1960"]
[BlackElo "1545"]
[PlyCount "45"]
[GameId "2160767910096379"]
[EventDate "2009.10.13"]
[EventType "swiss"]
[EventRounds "5"]
[EventCountry "CAN"]
[SourceTitle "EXT 2011"]
[Source "ChessBase"]
[SourceDate "2011.11.26"]
[SourceVersion "1"]
[SourceVersionDate "2011.11.26"]
[SourceQuality "1"]

1. e4 c5 2. Nf3 e6 3. d4 cxd4 4. Nxd4 Nc6 5. Be3 Nf6 6. Nd2 Qa5 7. c3 d5 8. Nxc6 bxc6 9. e5 Nd7 10. f4 Ba6 11. b4 Qa3 12. Nb1 Qb2 13. Bxa6 Qxa1 14. Qc2 Rb8 15. O-O Bxb4 16. cxb4 Rxb4 17. Nd2 Qb2 18. Qxc6 Rb8 19. Rb1 Qxb1+ 20. Nxb1 Rxb1+ 21. Kf2 O-O 22. Qxd7 Rd8 23. Qxd8# 1-0

[Event "Maisonneuve mem op"]
[Site "Gatineau CAN"]
[Date "2009.10.20"]
[Round "2"]
[White "Laurin, Jacques"]
[Black "Arsenault, Yves"]
[Result "1-0"]
[WhiteElo "1845"]
[BlackElo "1450"]
[PlyCount "49"]
[GameId "2160767910096380"]
[EventDate "2009.10.13"]
[EventType "swiss"]
[EventRounds "5"]
[EventCountry "CAN"]
[SourceTitle "EXT 2011"]
[Source "ChessBase"]
[SourceDate "2011.11.26"]
[SourceVersion "1"]
[SourceVersionDate "2011.11.26"]
[SourceQuality "1"]

1. c4 e5 2. g3 Nc6 3. Bg2 Nf6 4. e3 e4 5. Ne2 d6 6. Nbc3 Bf5 7. O-O Be7 8. Qc2 Nb4 9. Qa4+ Nc6 10. Qb5 Qc8 11. Nd4 Bd7 12. Qb3 Nxd4 13. exd4 Bf5 14. Re1 O-O 15. d3 c6 16. dxe4 Bh3 17. Nd1 h6 18. e5 Bxg2 19. exf6 Bxf6 20. Kxg2 Bxd4 21. Bf4 Bc5 22. Ne3 Qc7 23. Qd3 f5 24. Nc2 Rad8 25. b4 1-0

[Event "Maisonneuve mem op"]
[Site "Gatineau CAN"]
[Date "2009.10.20"]
[Round "2"]
[White "Levesque, Andre"]
[Black "Menard, Marc"]
[Result "1-0"]
[WhiteElo "1307"]
[BlackElo "1495"]
[PlyCount "65"]
[GameId "2160767910096381"]
[EventDate "2009.10.13"]
[EventType "swiss"]
[EventRounds "5"]
[EventCountry "CAN"]
[SourceTitle "EXT 2011"]
[Source "ChessBase"]
[SourceDate "2011.11.26"]
[SourceVersion "1"]
[SourceVersionDate "2011.11.26"]
[SourceQuality "1"]

1. e4 e5 2. Nf3 Nc6 3. Bb5 Nf6 4. O-O Bc5 5. c3 O-O 6. d4 exd4 7. cxd4 Bb6 8. Nc3 a6 9. Ba4 d6 10. h3 Ba7 11. Be3 b5 12. Bc2 Nb4 13. Bb3 c5 14. a3 Nc6 15. d5 Na5 16. Ba2 Re8 17. Bg5 h6 18. Bh4 g5 19. Nxg5 hxg5 20. Bxg5 Kg7 21. f4 c4+ 22. Kh1 Be3 23. Qf3 Qb6 24. f5 Bxg5 25. Qg3 Kh6 26. Ne2 Rxe4 27. Ng1 Re3 28. Nf3 Bxf5 29. Qxg5+ Kh7 30. Qxf5+ Kg7 31. Qg5+ Kf8 32. Qxf6 Rae8 33. Ng5 1-0

[Event "Maisonneuve mem op"]
[Site "Gatineau CAN"]
[Date "2009.10.20"]
[Round "2"]
[White "Rainey, Ivan"]
[Black "Beland, Guy"]
[Result "1/2-1/2"]
[WhiteElo "1413"]
[BlackElo "1399"]
[PlyCount "80"]
[GameId "2160767910096382"]
[EventDate "2009.10.13"]
[EventType "swiss"]
[EventRounds "5"]
[EventCountry "CAN"]
[SourceTitle "EXT 2011"]
[Source "ChessBase"]
[SourceDate "2011.11.26"]
[SourceVersion "1"]
[SourceVersionDate "2011.11.26"]
[SourceQuality "1"]

1. d4 Nf6 2. c4 g6 3. Nc3 Bg7 4. e4 O-O 5. Nf3 d6 6. Be2 c6 7. Bg5 Bg4 8. h3 Bxf3 9. Bxf3 Nbd7 10. O-O Qa5 11. Qd2 e5 12. d5 Rad8 13. dxc6 bxc6 14. Qxd6 Nb8 15. Qa3 Qc7 16. b3 a5 17. Rad1 Na6 18. Rxd8 Rxd8 19. Qc1 Nb4 20. Rd1 Nd3 21. Qd2 Rd4 22. Be3 Rd7 23. Qe2 Nf4 24. Bxf4 Rxd1+ 25. Qxd1 exf4 26. Qd2 Nd7 27. Kf1 Be5 28. a3 Bd6 29. Nb1 Ne5 30. Qxf4 Nxc4 31. Qc1 Nb6 32. e5 Bxe5 33. Qxc6 Qd8 34. Be2 Nd5 35. Qc5 Bc7 36. Qd4 Bb6 37. Qd2 Qf6 38. Bf3 Nf4 39. Nc3 Nxh3 40. Nd5 Qa1+ 1/2-1/2

[Event "Maisonneuve mem op"]
[Site "Gatineau CAN"]
[Date "2009.10.20"]
[Round "2"]
[White "Szalay, Karoly"]
[Black "Scantland, Patrick"]
[Result "1-0"]
[WhiteElo "2193"]
[BlackElo "1751"]
[PlyCount "51"]
[GameId "2160767910096384"]
[EventDate "2009.10.13"]
[EventType "swiss"]
[EventRounds "5"]
[EventCountry "CAN"]
[SourceTitle "EXT 2011"]
[Source "ChessBase"]
[SourceDate "2011.11.26"]
[SourceVersion "1"]
[SourceVersionDate "2011.11.26"]
[SourceQuality "1"]

1. e4 c5 2. Nf3 d6 3. d4 cxd4 4. Nxd4 Nf6 5. Nc3 a6 6. Bg5 e6 7. f3 Nbd7 8. Qd2 h6 9. Be3 b5 10. O-O-O Bb7 11. a3 Rc8 12. g4 Ne5 13. g5 hxg5 14. Bxg5 Be7 15. Rg1 g6 16. h4 Qa5 17. f4 Nc4 18. Bxc4 Rxc4 19. e5 Rxc3 20. exf6 Rxa3 21. bxa3 Qxa3+ 22. Kb1 Bd5 23. Nb3 Bd8 24. Qc3 O-O 25. h5 Ba5 26. Qxa5 1-0

[Event "Maisonneuve mem op"]
[Site "Gatineau CAN"]
[Date "2009.10.27"]
[Round "3"]
[White "Berthiaume, Patrick"]
[Black "Rainey, Ivan"]
[Result "0-1"]
[WhiteElo "1176"]
[BlackElo "1413"]
[PlyCount "56"]
[GameId "2160767910096387"]
[EventDate "2009.10.13"]
[EventType "swiss"]
[EventRounds "5"]
[EventCountry "CAN"]
[SourceTitle "EXT 2011"]
[Source "ChessBase"]
[SourceDate "2011.11.26"]
[SourceVersion "1"]
[SourceVersionDate "2011.11.26"]
[SourceQuality "1"]

1. e4 e6 2. d4 d5 3. e5 c5 4. c3 Nc6 5. Nf3 Qb6 6. a3 Nge7 7. b4 cxd4 8. cxd4 Nf5 9. Bb2 a6 10. g4 Nh6 11. Nh4 Be7 12. Ng2 f6 13. f4 fxe5 14. dxe5 Bd7 15. Nd2 O-O-O 16. Nb3 Kb8 17. Rc1 Rhf8 18. Nc5 Bxc5 19. Rxc5 Nxb4 20. Bd4 Nc6 21. Rxd5 Nxd4 22. Rxd4 Qa5+ 23. Kf2 Bc6 24. Rd6 Qc5+ 25. Kg3 Qxa3+ 26. Rd3 Rxd3+ 27. Qxd3 Qxd3+ 28. Bxd3 Bxg2 0-1

[Event "Maisonneuve mem op"]
[Site "Gatineau CAN"]
[Date "2009.10.27"]
[Round "3"]
[White "Charland, Roger"]
[Black "Guimond, Michel"]
[Result "1/2-1/2"]
[WhiteElo "1512"]
[BlackElo "1960"]
[PlyCount "95"]
[GameId "2160767910096388"]
[EventDate "2009.10.13"]
[EventType "swiss"]
[EventRounds "5"]
[EventCountry "CAN"]
[SourceTitle "EXT 2011"]
[Source "ChessBase"]
[SourceDate "2011.11.26"]
[SourceVersion "1"]
[SourceVersionDate "2011.11.26"]
[SourceQuality "1"]

1. e4 e6 2. Nf3 d5 3. exd5 exd5 4. d4 Bd6 5. Nc3 c6 6. Bd3 Qc7 7. Qe2+ Ne7 8. Ne5 Bxe5 9. dxe5 Be6 10. f4 g6 11. O-O h5 12. Nd1 Nd7 13. Ne3 c5 14. f5 gxf5 15. Nxf5 Nxf5 16. Bxf5 O-O-O 17. Bg5 Rde8 18. Rae1 c4 19. Bf6 Nxf6 20. exf6 Qb6+ 21. Qf2 Qxf2+ 22. Rxf2 Kd7 23. Rd1 Kc6 24. b3 b5 25. Kf1 Rh6 26. Bxe6 Rxe6 27. Rf5 Rd6 28. Kg1 h4 29. Rd4 h3 30. g3 Rdxf6 31. Rdf4 Rxf5 32. Rxf5 a6 33. Rf3 d4 34. Kf2 Kc5 35. Ke2 Re6+ 36. Kd2 c3+ 37. Kd3 Re5 38. g4 Rg5 39. Rf4 b4 40. Rxd4 f5 41. gxf5 Rxf5 42. Rc4+ Kb5 43. Rh4 Rf2 44. Rh5+ Kb6 45. Rxh3 a5 46. Rh6+ Kb5 47. Rh5+ Kb6 48. Rh6+ 1/2-1/2